The freshwater aquarium

Bibliographic Details
Main Author: Frey, Hans
Format: Book
Published: London : Orbis Publishing , 1983
Subjects:

MARC

LEADER 00000cam a2200000 7i4500
001 0000009877
002 000010756
005 20000330.0
020 |a 0856136204 
090 0 0 |a 639.34   |b FRE 
100 1 |a Frey, Hans 
245 1 4 |a The freshwater aquarium   |c Hans Frey 
260 |a London :   |b Orbis Publishing ,   |c 1983 
300 |a 288p. ;   |c 28cm. 
650 0 0 |a Freshwater aquqrium fishes 
999 |a 014793   |b BUKU   |c PINJAMAN   |e PERPUSTAKAAN KOMUNITI PETALING JAYA